SARAWAK FOREST POLICY (Record no. 24688)

000 -LEADER
fixed length control field 00564nam a22001817a 4500
003 - CONTROL NUMBER IDENTIFIER
control field OSt
005 - DATE AND TIME OF LATEST TRANSACTION
control field 20251230171010.0
008 - FIXED-LENGTH DATA ELEMENTS--GENERAL INFORMATION
fixed length control field 220302b ||||| |||| 00| 0 eng d
020 ## - INTERNATIONAL STANDARD BOOK NUMBER
International Standard Book Number 9789671522776
040 ## - CATALOGING SOURCE
Transcribing agency jmg
082 04 - DEWEY DECIMAL CLASSIFICATION NUMBER
Classification number 333.7509595
245 00 - TITLE STATEMENT
Title SARAWAK FOREST POLICY
260 ## - PUBLICATION, DISTRIBUTION, ETC.
Place of publication, distribution, etc. Sarawak :
Name of publisher, distributor, etc. Forest Department Sarawak,
Date of publication, distribution, etc. 2020
300 ## - PHYSICAL DESCRIPTION
Extent 57 pages :
Other physical details colour illustrations, photographs ;
Dimensions 25 cm
650 10 - SUBJECT ADDED ENTRY--TOPICAL TERM
Topical term or geographic name entry element Forest policy
Geographic subdivision Malaysia
-- Sarawak
650 20 - SUBJECT ADDED ENTRY--TOPICAL TERM
Source of heading or term Forest management
Geographic subdivision Malaysia
-- Sarawak
942 ## - ADDED ENTRY ELEMENTS (KOHA)
Source of classification or shelving scheme
Koha item type Books
Edition 22
Classification part 333.7509595
Holdings
Withdrawn status Lost status Source of classification or shelving scheme Damaged status Not for loan Permanent Location Current Location Shelving location Date acquired Total Checkouts Full call number Date last seen Copy number Price effective from Koha item type
Available         JMG IBUPEJABAT JMG IBUPEJABAT Open Shelf 02/03/2022   333.7509595 SAR 02/03/2022 2 02/03/2022 Books